Wordplay Quiz #1 - Statistics

General Stats
  • This quiz has been taken 14 times
  • The average score is 3 of 11
Answer Stats
Hint Answer % Correct
Noise a satisfied cat makes, afteref- Perfect
100%
Knox, day Fortnight
67%
7th letter, body part connecting the thigh and calf, -sence Genius
50%
-istrate, the grim reaper has a s____ Magical
17%
-is Mac Allister, d/dx_^x = _^x, archaic your, Jagger ; related to autism Alexithymic
8%
Swiper is ___ning, roots and branches Country
8%
Organ responsible for vision, to want Iron
8%
Mr. Crews ; ???? Mystery
8%
Girl, a, blind Buoyancy
0%
-ect, -cation, over- ; ____ of the Earth Curvature
0%
Someone who used to be a nehinaw misspoke Excrement
0%
No matching quizzes found
Score Distribution
Percent of People with Each Score
Percentile by Number Answered
Your Score History
You have not taken this quiz